000 00528nam a22001697a 4500
005 20120529124625.0
020 _a8177332708
_c250.00
035 _aB-110518
037 _aDPL
_bENG
100 _aAhuja, Girish
_948122
245 _aBharat's simplified approach to corporate tax planning and management /
_cby Girish Ahuja and Ravi Gupta
250 _a7th ed.
260 _aNew Delhi
_bBharat Law House
_c2005
300 _a664p.
_c22 cms.
700 _aGupta, Ravi
_948123
942 _2ddc
_cEN
_h346.54066
_mAHU
999 _c67305
_d67305